000
00264 a2200109 4500
000
nam a22 7a 4500
005
20260123152620.0
100
_a
Whitford, David
_9
1105626
245
_a
Proteins: Structure and Function
260
_b
Wiley
_c
2005
942
_c
TEXL
999
_c
1670796
_d
1670796